Statistiques concernant Numéros 10 des clubs de Premier League (2022-2023)

Cliquez ici pour prendre le quiz!

Statistiques générales

  • Ce quiz a été pris 237 fois
  • Le résultat moyen est 9 sur 19

Statistiques - réponses

ÉquipeJoueurNationalité% Correct
Chelsea FCChristian PulisicÉtats-unien
91%
Manchester CityJack GrealishAnglais
87%
Tottenham HostpurHarry KaneAnglais
86%
Manchester UnitedMarcus RashfordAnglais
85%
Newcastle UnitedAllan Saint-MaximinFrançais
82%
Arsenal FCEmil Smith-RoweAnglais
74%
Leicester CityJames MaddisonAnglais
70%
Brighton & Hove AlbionAlexis Mac AllisterArgentine
63%
Aston VillaEmiliano BuendiaArgentine
60%
West Ham UnitedManuel LanziniArgentine
51%
Wolverhampton WanderersDaniel PodencePortugal
38%
Crystal PalaceEberechi EzeAnglais
37%
Southampton FCChé AdamsÉcossais
28%
Everton FCAnthony GordonAnglais
25%
Nottingham ForestMorgan Gibbs-WhiteAnglais
16%
Leeds UnitedCrysencio SummervilleNéerlandais
13%
Brentford FCJosh DasilvaAnglais
12%
Fulham FCTom CairneyAnglais
9%
BournemouthRyan ChristieÉcossais
8%

Distribution des résultats

Percentile par nombre de réponses

% des personnes avec chaque résultat

Votre développement - résultats

Vous n’avez pas pris ce quiz